Missing Word: 'M' Bands Quiz Stats

 Plays Quiz Updated Apr 26, 2016

Challenge
Share
Tweet
Embed
Score 0/18 Timer 03:00
0 Plays Today
Band Word % Correct
Boyz II _____Men
97.6%
_____ CrüeMötley
96.4%
Rage Against the _____Machine
92.6%
_____ 5Maroon
89.5%
Depeche _____Mode
87.3%
Iron _____Maiden
86.9%
_____ & SonsMumford
73.4%
The _____ BluesMoody
72.5%
Dexys _____ RunnersMidnight
72.5%
Band Word % Correct
Arctic _____Monkeys
68.6%
30 Seconds to _____Mars
66.1%
_____ 20Matchbox
65.4%
Modest _____Mouse
63.7%
Blind _____Melon
61.8%
Walk the _____Moon
52%
My _____ JacketMorning
35.3%
Three 6 _____Mafia
31.6%
Jack's _____Mannequin
16%

Today's Daily Dose

You're not logged in!

Compare scores with friends on all Sporcle quizzes.
Join for Free
OR
Log In

You Might Also Like...

Show Comments

Extras

Top Quizzes Today


Score Distribution

Your Account Isn't Verified!

In order to create a playlist on Sporcle, you need to verify the email address you used during registration. Go to your Sporcle Settings to finish the process.

Report this User

Report this user for behavior that violates our Community Guidelines.

Details: